000 02168nam a22002417a 4500
003 OSt
005 20210315131028.0
008 210315s2013 ck ||||gr|||| 00| 0 spa d
040 _aCO-JMCR
_cCO-JMCR
041 0 _aspa
082 0 4 _a922.4 /
_bW968c
_223
100 1 _aWurmbrand, Richard,
_eautor
_936102
245 1 0 _aCristo en la senda judía /
_cRichard Wurmbrand
260 _a[Colombia] :
_b[sn],
_c2013
300 _a252 páginas ;
_c17 cm.
505 0 _aYo me establecí en el camino -- Judíos que fueron testigos de Cristo -- Argumentos para la resurrección -- Período del fascismo -- Añadiendo a la iglesia -- Conversaciones son sionistas y otros judíos -- Nuestra actitud ante el comunismo
520 3 _aAlgunas de las personas se beneficiaron del capitalismo; otros sienten que ellos son explotados por el sistema capitalista y les gustaría verlo derrocado. Nadie negaría que los judíos fueron instrumentos en un punto temprano en la fundación de este sistema, y que ellos aún juegan un rol altamente importante en la vida económica, y financiera, fuera de toda su proporción numérica. Si usted se siente atraído o repelido por el capitalismo, su actitud en gran magnitud será determinada por los judíos, a quienes ustedes probablemente nunca habrán visto cara a cara, como personas casi siempre anónimas que tienen el decir final en el mundo capitalista. El comunismo puede ser para usted una fuente de gozo o de sufrimiento; esto se deriva del judío Marx y de una multitud de judíos campeones de esta idea, sin quienes en la revolución en el Este habría sido imposible. El destino del granjero en Vietnam quien nuca ha visto a un judío en su vida, sería, en último recurso, dependiendo si él lee el libro sobre e judío Jesús o el libro sobre el judío Marx. Cualesquiera que triunfe de la civilización cristiana o del mundo marxista, ambos están estrechamente ligados con un nombre judío.
600 _aWurmbrand, Richard,
_d1909-2001
_vCristianismo
_xBiografía
_936103
650 1 4 _aMártires judíos
_936104
650 1 4 _aPersecusiones de los judíos
_936105
650 2 4 _aVida cristiana
_9916
942 _2ddc
_cBK
999 _c15380
_d15380